| 000 | nam a22 a 4500 | ||
|---|---|---|---|
| 999 |
_c2993 _d2993 |
||
| 003 | AKMAL | ||
| 005 | 20170519084539.0 | ||
| 008 | 170519s2002 my e 00 eng d | ||
| 020 |
_a9832479150 (pbk.): _cRM20.00 |
||
| 040 | _aAKMAL | ||
| 082 | 0 | 4 |
_a658.009595 MAN _221 |
| 090 | 0 | 0 |
_a658.009595 _bMAN |
| 245 | 0 | 0 |
_aManaging global business in the internet age / _cedited by Juhary Hj. Ali |
| 260 |
_aSintok : _bPenerbit Universiti Utara Malaysia, _c2002 |
||
| 300 | 0 | 0 |
_aviii, 153p. : _bill. ; _c22cm |
| 504 | _aIncludes bibliographical references | ||
| 650 | 0 |
_aIndustrial management _zMalaysia _96100 |
|
| 650 | 0 |
_aElectronic commerce _zMalaysia _96260 |
|
| 700 | 0 |
_aJuhary Haji Ali _96219 |
|
| 942 |
_2ddc _cBOOK |
||